Química principios y aplicaciones

Bibliographic Details
Main Authors: Sienko, Michell, Plane, Robert A
Format: Section = Libro
Language:Undetermined
Spanish
Published: México McGraw-Hill 1987
Subjects:
LEADER 00505nam a2200193Ia 4500
008 240829s9999 xx 000 0 und d
020 |a 968-451-829-5 
040 |a BIBLIOTECA-RUSB/ 660.2 S572 
041 |a spa 
082 |a 660.2 S572 
100 1 |a Sienko, Michell  
100 1 |b  Plane, Robert A 
245 1 0 |a Química principios y aplicaciones 
260 |a México  |b McGraw-Hill  |c 1987 
300 |a 782 p. :il. 
650 7 |a INGENIERIA QUIMICA-APLICACIONES 
942 |c BK  |2 ddc 
991 |a TEXTO 
999 |c 4314